000 00688nam a2200193Ia 4500
003 OSt
005 20240814110630.0
008 210210b1974 xxu||||| |||| 00| 0 eng d
040 _aAL
_c
082 _a809.88914K WINB
100 _aWINTER NITZ (Mauric).
_931878
_d ವಿಂಟರ್ ನಿಟ್ಜ್ (ಮೌರಿಕ್)
245 _aBharatiya sahitya charitre.Samp 3 Bhaga 2
_bಭಾರತೀಯ ಸಾಹಿತ್ಯ ಚರಿತ್ರೆ ಸಂಪುಟ ೩ ಭಾಗ ೨
260 _aDharavada
_bKannada Pathyapustaka Nirdeshanalaya
_c1974
300 _ax,344
650 _a Shastrasahitya
_931879
690 _aIndian Literature
_931880
906 _a034426
942 _2ddc
_cBK
999 _c85247
_d85247